<?xml version="1.0" encoding="UTF-8"?>
<record
    xmlns:xsi="http://www.w3.org/2001/XMLSchema-instance"
    xsi:schemaLocation="http://www.loc.gov/MARC21/slim http://www.loc.gov/standards/marcxml/schema/MARC21slim.xsd"
    xmlns="http://www.loc.gov/MARC21/slim">

  <leader>00808nam a2200217Ia 4500</leader>
  <controlfield tag="001">3461</controlfield>
  <controlfield tag="003">GE_BSU</controlfield>
  <controlfield tag="008">181216s||||||||xx |||||||||||||| ||und||</controlfield>
  <datafield tag="040" ind1=" " ind2=" ">
    <subfield code="c">GE_BSU</subfield>
  </datafield>
  <datafield tag="080" ind1=" " ind2=" ">
    <subfield code="a">621.7(035.3)</subfield>
  </datafield>
  <datafield tag="100" ind1=" " ind2=" ">
    <subfield code="a">&#x410;&#x43D;&#x434;&#x440;&#x435;&#x435;&#x432;,&#x413;.&#x42F;. &#x411;&#x430;&#x43B;&#x430;&#x448;&#x43A;&#x438;&#x43D;,&#x411;.&#x421;. &#x411;&#x435;&#x440;&#x43D;&#x448;&#x442;&#x435;&#x438;&#x43D;,&#x413;.&#x42F;. &#x438; &#x434;&#x440;.</subfield>
  </datafield>
  <datafield tag="245" ind1=" " ind2=" ">
    <subfield code="a">&#x421;&#x43F;&#x440;&#x430;&#x432;&#x43E;&#x447;&#x43D;&#x438;&#x43A; &#x43C;&#x435;&#x442;&#x430;&#x43B;&#x43B;&#x438;&#x441;&#x442;&#x430; &#x432; 5 &#x442;&#x43E;&#x43C;&#x430;&#x445;.&#x422;&#x43E;&#x43C; 4.</subfield>
  </datafield>
  <datafield tag="245" ind1=" " ind2=" ">
    <subfield code="c">&#x420;&#x435;&#x434;. &#x441;&#x43E;&#x432;. &#x411;.&#x41B;.&#x411;&#x43E;&#x433;&#x443;&#x441;&#x43B;&#x430;&#x432;&#x441;&#x43A;&#x438;&#x439;, &#x410;.&#x41D;.&#x41C;&#x430;&#x43B;&#x43E;&#x432;, &#x41C;.&#x41F;.&#x41D;&#x43E;&#x432;&#x438;&#x43A;&#x43E;&#x432; &#x438; &#x434;&#x440;. &#x41F;&#x43E;&#x434; &#x440;&#x435;&#x434;. &#x41C;.&#x41F;.&#x41D;&#x43E;&#x432;&#x438;&#x43A;&#x43E;&#x432;&#x430; &#x438; &#x41F;.&#x41D;.&#x41E;&#x440;&#x43B;&#x43E;&#x432;&#x430;.</subfield>
  </datafield>
  <datafield tag="250" ind1=" " ind2=" ">
    <subfield code="a">&#x418;&#x437;&#x434;. &#x442;&#x440;&#x435;&#x442;&#x44C;&#x435;, &#x43F;&#x435;&#x440;&#x435;&#x440;&#x430;&#x431;.</subfield>
  </datafield>
  <datafield tag="260" ind1=" " ind2=" ">
    <subfield code="a">&#x41C;.</subfield>
  </datafield>
  <datafield tag="260" ind1=" " ind2=" ">
    <subfield code="b">&#x41C;&#x430;&#x448;&#x438;&#x43D;&#x43E;&#x441;&#x442;&#x440;&#x43E;&#x435;&#x43D;&#x438;&#x435;.</subfield>
  </datafield>
  <datafield tag="260" ind1=" " ind2=" ">
    <subfield code="c">1977</subfield>
  </datafield>
  <datafield tag="300" ind1=" " ind2=" ">
    <subfield code="a">720 &#x441;&#x442;&#x440;. &#x441; &#x438;&#x43B;&#x43B;.</subfield>
  </datafield>
  <datafield tag="653" ind1=" " ind2=" ">
    <subfield code="a">&#x421;&#x43F;&#x440;&#x430;&#x432;&#x43E;&#x447;&#x43D;&#x438;&#x43A; &#x43C;&#x435;&#x442;&#x430;&#x43B;&#x43B;&#x438;&#x441;&#x442;&#x430;.</subfield>
  </datafield>
  <datafield tag="942" ind1=" " ind2=" ">
    <subfield code="c">BK</subfield>
  </datafield>
  <datafield tag="999" ind1=" " ind2=" ">
    <subfield code="c">37499</subfield>
    <subfield code="d">37499</subfield>
  </datafield>
  <datafield tag="952" ind1=" " ind2=" ">
    <subfield code="0">0</subfield>
    <subfield code="1">0</subfield>
    <subfield code="4">0</subfield>
    <subfield code="7">0</subfield>
    <subfield code="9">37681</subfield>
    <subfield code="d">2018-12-17</subfield>
    <subfield code="p">10308</subfield>
    <subfield code="r">2018-12-17</subfield>
    <subfield code="w">2018-12-17</subfield>
    <subfield code="y">BK</subfield>
  </datafield>
</record>
